| 000 | 00913nam a2200253Ia 4500 | ||
|---|---|---|---|
| 003 | OSt | ||
| 005 | 20221005112437.0 | ||
| 006 | a|||||r|||| 00| 0 | ||
| 007 | ta | ||
| 008 | 221004b |||||||| |||| 00| 0 pan d | ||
| 020 |
_a9789350179017 (hbk) _c180 |
||
| 024 | _a2481 | ||
| 037 |
_b693, 16/01/2013, Bright Book Service _cTextual |
||
| 040 |
_aCRL _cCRL _bpan |
||
| 041 |
_2pan _apan |
||
| 082 | _aO153,3NSI:g, Q2 | ||
| 100 | _aਸੁਖਜੀਤ ਸਿੰਘ | ||
| 245 | 0 |
_aਕੇਸਰ ਸਿੰਘ ਦੇ ਨਾਵਲ _b ਵਸਤ ਤੇ ਵਿਚਾਰਧਾਰਾ |
|
| 260 |
_aਚੰਡੀਗੜ _bਲੋਕਗੀਤ ਪਰਕਾFਨ ਭਾਰਤ _c2012 |
||
| 300 |
_a124ਪੰ _ccm. |
||
| 650 | _aਪੰਜਾਬੀ ਸਾਹਿਤ | ||
| 942 |
_hO153,3NSI:g, Q2 _cTEXL _2cc |
||
| 999 |
_c1024915 _d1024915 |
||